[Event "Olympiad-44"]
[Site "Chennai"]
[Date "2022.08.02"]
[Round "5.3"]
[White "Bokang, Motsamai"]
[Black "Miswadah, Baha"]
[Result "0-1"]
[WhiteElo "1433"]
[BlackElo "1985"]
[PlyCount "42"]
[EventDate "2022.07.29"]
[EventType "team-swiss"]
[EventRounds "11"]
[EventCountry "IND"]
[SourceTitle "CBM 210"]
[Source "ChessBase"]
[SourceDate "2022.10.31"]
[SourceVersion "1"]
[SourceVersionDate "2022.10.31"]
[SourceQuality "1"]
[WhiteTeam "Lesotho"]
[BlackTeam "Palestine"]
[WhiteTeamCountry "LES"]
[BlackTeamCountry "PLE"]

1. d4 d5 2. Nf3 Nf6 3. e3 e6 4. Bd3 Be7 5. b3 Nbd7 6. Bb2 0-0 7. 0-0 b6 8. Nbd2 Bb7 9. Rc1 Ne4 10. c4 Rc8 11. Qe2 f5 12. cxd5 exd5 13. Ba6 Bxa6 14. Qxa6 Bd6 15. Qxa7 Qe7 16. Qb7 Ndf6 17. Rfd1 Nxf2 18. Kxf2 Ng4+ 19. Kf1 Qxe3 20. Qxd5+ Kh8 21. Ne4 fxe4 0-1

[Event "Arab CC-ch"]
[Site "Hammamet"]
[Date "2020.03.08"]
[Round "1.3"]
[White "Miswadah, Baha"]
[Black "Fawzy, Adham"]
[Result "0-1"]
[WhiteElo "1985"]
[BlackElo "2475"]
[PlyCount "50"]
[EventDate "2020.03.08"]
[EventType "team-tourn"]
[EventRounds "7"]
[EventCountry "TUN"]
[SourceTitle "CBM 195 Extra"]
[Source "ChessBase"]
[SourceDate "2020.05.31"]
[SourceVersion "1"]
[SourceVersionDate "2020.05.31"]
[SourceQuality "1"]
[WhiteTeam "Duma"]
[BlackTeam "Misr Insurance"]
[WhiteTeamCountry "PLE"]
[BlackTeamCountry "EGY"]

1. d4 Nf6 2. Bf4 e6 3. e3 c5 4. c3 d5 5. Nf3 Nc6 6. Bd3 Bd6 7. Bg3 0-0 8. Nbd2 Ne8 9. e4 cxd4 10. e5 dxc3 11. bxc3 Be7 12. h4 f5 13. exf6 Nxf6 14. Qe2 Bd6 15. Bxd6 Qxd6 16. Rd1 e5 17. c4 e4 18. Bxe4 dxe4 19. Nxe4 Qb4+ 20. Kf1 Nxe4 21. Qxe4 Bf5 22. Qd5+ Kh8 23. Ng5 Rad8 24. Qxd8 Nxd8 25. Rxd8 Rxd8 0-1

[Event "Arab Cities"]
[Site "Hammamet"]
[Date "2020.03.03"]
[Round "1.1"]
[White "Sameer, Loay"]
[Black "Miswadah, Baha"]
[Result "0-1"]
[WhiteElo "2190"]
[BlackElo "1985"]
[PlyCount "45"]
[EventDate "2020.03.03"]
[EventType "team"]
[EventRounds "5"]
[EventCountry "TUN"]
[SourceTitle "CBM 195 Extra"]
[Source "ChessBase"]
[SourceDate "2020.05.31"]
[SourceVersion "1"]
[SourceVersionDate "2020.05.31"]
[SourceQuality "1"]
[WhiteTeam "Amman"]
[BlackTeam "Palestine"]
[WhiteTeamCountry "JOR"]
[BlackTeamCountry "PLE"]

1. Nf3 Nf6 2. g3 e6 3. Bg2 d5 4. 0-0 Be7 5. d3 0-0 6. Nbd2 b5 7. c4 a6 8. b3 Bb7 9. Bb2 Nbd7 10. Qc2 c5 11. a4 Qb6 12. a5 Qc7 13. e4 d4 14. cxb5 axb5 15. Nxd4 Rxa5 16. b4 Rxa1 17. Rxa1 Qb6 18. bxc5 Nxc5 19. N4b3 Rc8 20. Bd4 Nxb3 21. Nxb3 Qd6 22. Qb2 e5 23. Ba7 0-1

[Event "Wch Blitz"]
[Site "Riadh"]
[Date "2017.12.30"]
[Round "13"]
[White "Miswadah, Baha"]
[Black "Alem, Ali Hussien"]
[Result "1-0"]
[WhiteElo "1877"]
[BlackElo "1745"]
[PlyCount "95"]
[EventDate "2017.12.29"]
[EventType "swiss (blitz)"]
[EventRounds "21"]
[EventCountry "SAU"]
[SourceTitle "CBM 182 Extra"]
[Source "ChessBase"]
[SourceDate "2018.02.23"]
[SourceVersion "1"]
[SourceVersionDate "2018.02.23"]
[SourceQuality "1"]

1. e4 d6 2. d4 Nf6 3. Nc3 g6 4. Bg5 Bg7 5. Qd2 h6 6. Be3 Ng4 7. Bf4 e5 8. dxe5 Nxe5 9. 0-0-0 Nbc6 10. f3 Be6 11. Nd5 0-0 12. Kb1 Kh7 13. Be2 Bxd5 14. exd5 Ne7 15. Nh3 Nd7 16. Nf2 Nb6 17. c4 g5 18. Be3 Nf5 19. Bd3 Qf6 20. g4 Na4 21. Bxf5+ Kg8 22. Bd4 Qxd4 23. Qxd4 Bxd4 24. Rxd4 c5 25. Rd2 a6 26. Ne4 b5 27. Nxd6 bxc4 28. Nxc4 Rab8 29. d6 Nb6 30. Nxb6 Rxb6 31. d7 Rd8 32. Re1 Kg7 33. Re8 Rxd7 34. Rxd7 Rb4 35. Ree7 Kf6 36. Rxf7+ Ke5 37. Rb7 Rd4 38. Rfe7+ Kf4 39. Re4+ Kxf3 40. Rxd4 cxd4 41. Rd7 Ke3 42. Kc2 a5 43. a4 h5 44. gxh5 g4 45. h6 g3 46. hxg3 Kf2 47. h7 Kxg3 48. h8Q 1-0

[Event "Wch Rapid"]
[Site "Riadh"]
[Date "2017.12.26"]
[Round "5"]
[White "Miswadah, Baha"]
[Black "Christiansen, Johan Sebastian"]
[Result "0-1"]
[WhiteElo "1877"]
[BlackElo "2495"]
[PlyCount "78"]
[EventDate "2017.12.26"]
[EventType "swiss (rapid)"]
[EventRounds "15"]
[EventCountry "SAU"]
[SourceTitle "CBM 182 Extra"]
[Source "ChessBase"]
[SourceDate "2018.02.23"]
[SourceVersion "1"]
[SourceVersionDate "2018.02.23"]
[SourceQuality "1"]

1. e4 e5 2. Nf3 Nc6 3. d4 exd4 4. Nxd4 Nf6 5. Nxc6 bxc6 6. e5 Qe7 7. Qe2 Nd5 8. c4 Nb6 9. b3 Qe6 10. Bb2 a5 11. a4 Bb4+ 12. Nd2 0-0 13. g3 d5 14. exd6 Qxd6 15. 0-0-0 Bf5 16. Ne4 Qh6+ 17. Kb1 Rfe8 18. f3 Rab8 19. Ka2 Be6 20. Qc2 f5 21. Nf2 Bf8 22. Nd3 Rb7 23. Ne5 Bd6 24. f4 Bxe5 25. Bxe5 Reb8 26. Be2 Nd7 27. Bd4 Rxb3 28. Qxb3 Rxb3 29. Kxb3 Qg6 30. Kc3 Qf7 31. Rb1 h6 32. Rb7 c5 33. Be3 Nb6 34. Bxc5 Nxa4+ 35. Kd4 Qf6+ 36. Ke3 Nxc5 37. Rxc7 Qc3+ 38. Kf2 Ne4+ 39. Kf1 Qe3 0-1

[Event "Asia Cities-ch 20th"]
[Site "Bhubaneswar"]
[Date "2017.08.30"]
[Round "7.5"]
[White "Sultan, Ibrahim"]
[Black "Miswadah, Baha"]
[Result "1-0"]
[WhiteElo "2076"]
[BlackElo "1874"]
[PlyCount "64"]
[EventDate "2017.08.26"]
[EventType "team-swiss"]
[EventRounds "9"]
[EventCountry "IND"]
[SourceTitle "CBM 180 Extra"]
[Source "ChessBase"]
[SourceDate "2017.10.06"]
[SourceVersion "1"]
[SourceVersionDate "2017.10.06"]
[SourceQuality "1"]
[WhiteTeam "Dubai"]
[BlackTeam "Alquds"]
[WhiteTeamCountry "UAE"]
[BlackTeamCountry "PLE"]

1. d4 d5 2. c4 e6 3. Nf3 c6 4. e3 Nf6 5. Bd3 Nbd7 6. 0-0 dxc4 7. Bxc4 b5 8. Bd3 a6 9. a4 Bb7 10. Qe2 b4 11. Rd1 Qc7 12. e4 Be7 13. Bg5 h6 14. Bh4 0-0 15. e5 Nd5 16. Qe4 g6 17. Bxe7 Nxe7 18. Qh4 Rfe8 19. Qxh6 c5 20. Ng5 Nf8 21. Nd2 cxd4 22. Be4 Bxe4 23. Ndxe4 Qxe5 24. f4 Qg7 25. Qxg7+ Kxg7 26. Nd6 Red8 27. Ndxf7 Rd5 28. Ne5 Rc8 29. Rac1 Rxc1 30. Rxc1 Nf5 31. Rc7+ Kg8 32. Ne4 Rxe5 1-0